טוען...

Writing and editing News

מידע ביבליוגרפי
מחבר ראשי: Krishnaswamy K V
פורמט: Printed Book
יצא לאור: Hyderabad Orient Black Swan 2015
LEADER 00372nam a22001097a 4500
082 |a 070.41  |b KRI.W 
100 |a Krishnaswamy K V 
245 |a Writing and editing News 
260 |a Hyderabad   |b Orient Black Swan   |c 2015 
942 |c BK 
999 |c 24189  |d 24189 
952 |0 0  |1 0  |4 0  |6 070_410000000000000_KRI_W  |7 0  |9 26600  |a CAMPUS  |b CAMPUS  |d 2019-04-10  |l 0  |o 070.41 KRI.W  |p 26664  |r 2019-04-10  |w 2019-04-10  |y BK